| 000 | 004770000a22001570004500 | ||
|---|---|---|---|
| 003 | MACL | ||
| 005 | 20170723123508.0 | ||
| 008 | 170723b xxu||||| |||| 00| 0 eng d | ||
| 040 | _cmacl | ||
| 100 |
_aबंधोपाध्याय,ताराशंकर _968328 |
||
| 245 | _aतपोभंग | ||
| 260 |
_bयुग चेतना _c2001 _aदिल्ली |
||
| 350 | _a150 | ||
| 650 |
_aउपन्यास _968359 |
||
| 942 |
_cHIN _k891.433/VAN/N _2ddc |
||
| 999 |
_c11131 _d11131 |
||